Principles and practices of agronomy / (Record no. 14800)
[ view plain ]
| 000 -LEADER | |
|---|---|
| fixed length control field | 00362cam a2200145ua 4500 |
| 020 ## - INTERNATIONAL STANDARD BOOK NUMBER | |
| ISBN | 9789327256378 |
| 082 ## - DEWEY DECIMAL CLASSIFICATION NUMBER | |
| Classification number | 630 |
| Item number | SIN/PR |
| 100 ## - MAIN ENTRY--AUTHOR NAME | |
| Personal name | Singh, S S . |
| 245 ## - TITLE STATEMENT | |
| Title | Principles and practices of agronomy / |
| 250 ## - EDITION STATEMENT | |
| Edition statement | 5th |
| 260 ## - PUBLICATION, DISTRIBUTION, ETC. (IMPRINT) | |
| Place of publication | New Delhi : |
| Name of publisher | Kalyani Publishers , |
| Year of publication | 2016 |
| 300 ## - PHYSICAL DESCRIPTION | |
| Number of Pages | 348; . |
| 700 ## - ADDED ENTRY--PERSONAL NAME | |
| Personal name | Singh, Rajesh |
| 942 ## - ADDED ENTRY ELEMENTS (KOHA) | |
| Koha item type | Books |
| Withdrawn status | Lost status | Damaged status | Home library | Current library | Shelving location | Date acquired | Cost, normal purchase price | Full call number | Accession Number | Koha item type | Collection code | Source of acquisition |
|---|---|---|---|---|---|---|---|---|---|---|---|---|
| KAUAET | KAUAET | Scheme | 28/03/2017 | 225.00 | 630 SIN/PR | BB 434 | Books | |||||
| KAUAET | KAUAET | General Stacks | 30/03/2017 | 225.00 | 630 SIN/PR | 25348 | Books | Vigyan Books, Delhi | ||||
| KAUAET | KAUAET | General Stacks | 30/03/2017 | 225.00 | 630 SIN/PR | 25349 | Books | Vigyan Books, Delhi |
